000 00652nam a2200193Ia 4500
008 151121s9999||||xx |||||||||||||| ||und||
082 _a813-/बेहेरे
082 _bHNW-114926
100 _aबेहेरे ग।वा।
245 _aसंसारयात्रा
260 _b"दिलीपराज प्रकाशन प्रा। लि।, पुणे।"
260 _c2014
300 _a216
600 _aबेहेरे ग।वा।
630 _aसंसारयात्रा
700 _aबेहेरे ग।वा।
730 _aसंसारयात्रा
942 _cBOOK
999 _c1263725
_d1263722